[Event "SUI-ch 112th"]
[Site "Flims"]
[Date "2012.07.20"]
[Round "9.2"]
[White "Kosteniuk, Alexandra"]
[Black "Kurmann, Oliver"]
[Result "1/2-1/2"]
[WhiteElo "2472"]
[BlackElo "2460"]
[PlyCount "66"]
[EventDate "2012.07.12"]
[EventType "tourn"]
[EventRounds "9"]
[EventCountry "SUI"]
[EventCategory "9"]
[SourceTitle "CBM 149 Extra"]
[Source "ChessBase"]
[SourceDate "2012.08.24"]
[SourceVersion "1"]
[SourceVersionDate "2012.08.24"]
[SourceQuality "1"]

1. d4 Nf6 2. c4 e6 3. Nf3 a6 4. Nc3 c5 5. d5 b5 6. Bg5 Qa5 7. Nd2 Be7 8. e4
Nxd5 9. Bxe7 Nxc3 10. Qg4 Kxe7 11. Qg5+ Ke8 12. Qxg7 Rf8 13. bxc3 b4 14. Nb3
Qa3 15. Bd3 Nc6 16. O-O bxc3 17. Qxc3 a5 18. Qd2 a4 19. Nc1 Rb8 20. Bc2 Rg8 21.
Qd3 Qb2 22. Rb1 Qg7 23. g3 Rxb1 24. Bxb1 Qd4 25. Qe2 Ba6 26. Rd1 Qc3 27. Qh5
Qe5 28. Qf3 Bxc4 29. Bd3 Nd4 30. Qe3 Qh5 31. Rf1 Nf3+ 32. Kg2 Nh4+ 33. Kh1 Nf3
1/2-1/2

[Event "Biel exh blitz"]
[Site "Biel"]
[Date "2012.07.22"]
[Round "2.1"]
[White "Bacrot, Etienne"]
[Black "Kosteniuk, Alexandra"]
[Result "1-0"]
[WhiteElo "2713"]
[BlackElo "2472"]
[PlyCount "111"]
[EventDate "2012.07.22"]
[EventType "k.o. (blitz)"]
[EventRounds "3"]
[EventCountry "SUI"]
[SourceTitle "CBM 149 Extra"]
[Source "ChessBase"]
[SourceDate "2012.08.24"]
[SourceVersion "1"]
[SourceVersionDate "2012.08.24"]
[SourceQuality "1"]

1. d4 Nf6 2. c4 e6 3. Nf3 b6 4. g3 Bb4+ 5. Bd2 Bxd2+ 6. Qxd2 Ba6 7. Qc2 d5 8.
Nbd2 O-O 9. Bg2 c6 10. O-O Nbd7 11. b4 c5 12. bxc5 bxc5 13. Qa4 Qc8 14. cxd5
Nb6 15. Qa5 Nbxd5 16. dxc5 Bxe2 17. Rfe1 Qa6 18. Qxa6 Bxa6 19. Ne5 Rfc8 20. Nb3
Kf8 21. Rac1 Ke7 22. Nd4 Rc7 23. f4 Rac8 24. c6 g6 25. Rc5 Nb6 26. Ra5 Bc4 27.
Rc1 Rd8 28. Nc2 Bd5 29. Nb4 Bxg2 30. Kxg2 Rd2+ 31. Kf3 Nfd5 32. Na6 Rc8 33. c7
f6 34. Nc6+ Kd7 35. Nxa7 Rxc7 36. Nxc7 Nxc7 37. Nb5 Nxb5 38. Rxb5 Nd5 39. Rb7+
Kd6 40. Rxh7 Rxa2 41. Rh6 Ne7 42. Rd1+ Kc6 43. Rd3 Kc5 44. h4 Kc4 45. Rd7 Ra3+
46. Kf2 Ra2+ 47. Kf1 Nd5 48. Rxg6 Kd4 49. Rxf6 Ra6 50. f5 Ra1+ 51. Kg2 Ke5 52.
Rxe6+ Kxf5 53. Re2 Nf6 54. Rb7 Ra3 55. Rf2+ Ke5 56. Rb5+ 1-0

[Event "Biel exh blitz"]
[Site "Biel"]
[Date "2012.07.22"]
[Round "2.2"]
[White "Kosteniuk, Alexandra"]
[Black "Bacrot, Etienne"]
[Result "1/2-1/2"]
[WhiteElo "2472"]
[BlackElo "2713"]
[PlyCount "82"]
[EventDate "2012.07.22"]
[EventType "k.o. (blitz)"]
[EventRounds "3"]
[EventCountry "SUI"]
[SourceTitle "CBM 149 Extra"]
[Source "ChessBase"]
[SourceDate "2012.08.24"]
[SourceVersion "1"]
[SourceVersionDate "2012.08.24"]
[SourceQuality "1"]

1. e4 e5 2. Nf3 Nc6 3. Bb5 Nf6 4. d3 Bc5 5. O-O Nd4 6. Nxd4 Bxd4 7. Nd2 c6 8.
Ba4 d6 9. c3 Bb6 10. Nc4 Bc7 11. Bc2 O-O 12. Bg5 h6 13. Bh4 d5 14. Nd2 g5 15.
Bg3 Bg4 16. f3 Be6 17. Re1 dxe4 18. fxe4 Bg4 19. Nf3 Nh5 20. Bf2 Qf6 21. Rf1
Bxf3 22. Qxf3 Qxf3 23. gxf3 Bb6 24. d4 Nf4 25. Rfd1 Nh3+ 26. Kg2 Nxf2 27. Kxf2
Rad8 28. Ke3 Rd7 29. Rd3 Rfd8 30. Rad1 exd4+ 31. cxd4 c5 32. dxc5 Rxd3+ 33.
Bxd3 Bxc5+ 34. Ke2 Kg7 35. Rc1 b6 36. Bc4 Rd4 37. Bd5 f5 38. Bc6 Kf6 39. exf5
Kxf5 40. a3 a5 41. Rd1 Rxd1 1/2-1/2

[Event "Olympiad Women-40"]
[Site "Istanbul"]
[Date "2012.08.28"]
[Round "1.3"]
[White "Estrada, Lucia"]
[Black "Kosteniuk, Alexandra"]
[Result "0-1"]
[WhiteElo "2026"]
[BlackElo "2489"]
[PlyCount "94"]
[EventDate "2012.08.28"]
[EventType "team-swiss"]
[EventRounds "11"]
[EventCountry "TUR"]
[SourceTitle "CBM 150 Extra"]
[Source "ChessBase"]
[SourceDate "2012.10.19"]
[SourceVersion "1"]
[SourceVersionDate "2012.10.19"]
[SourceQuality "1"]
[WhiteTeam "Bolivia (W)"]
[BlackTeam "Russia (W)"]
[WhiteTeamCountry "BOL"]
[BlackTeamCountry "RUS"]

1. d4 Nf6 2. c4 e6 3. e3 b6 4. Nf3 Bb7 5. Bd3 d5 6. O-O Be7 7. Nbd2 O-O 8. b3
c5 9. Bb2 cxd4 10. exd4 Nc6 11. Rc1 Re8 12. Re1 Bf8 13. cxd5 Nxd5 14. Bb1 g6
15. Ne4 Bh6 16. a3 f5 17. Ned2 a5 18. Rc2 Nf4 19. Nf1 Ne7 20. Ne3 Ned5 21. Bc1
Nf6 22. Nc4 Bd5 23. Rb2 Ne4 24. Bxe4 Bxe4 25. Nce5 Qd5 26. Be3 g5 27. Qd2 Nxg2
28. Bxg5 Nxe1 29. Nxe1 Bg7 30. Bf4 Rad8 31. Qe2 Qxd4 32. Rd2 Qa1 33. Ra2 Qd1
34. Qf1 Qxb3 35. Re2 Qc3 36. Re3 Qa1 37. f3 Bb7 38. Qg2 Rd1 39. N5d3 Qd4 40.
Bh6 Kh8 41. Bxg7+ Qxg7 42. Qxg7+ Kxg7 43. Ne5 Red8 44. Re2 Ba6 45. Re3 f4 46.
Re4 R8d2 47. Ng4 Be2 0-1

[Event "Olympiad Women-40"]
[Site "Istanbul"]
[Date "2012.08.29"]
[Round "2.3"]
[White "Kosteniuk, Alexandra"]
[Black "Gazola, Vanessa Ramos"]
[Result "1-0"]
[WhiteElo "2489"]
[BlackElo "2033"]
[PlyCount "65"]
[EventDate "2012.08.28"]
[EventType "team-swiss"]
[EventRounds "11"]
[EventCountry "TUR"]
[SourceTitle "CBM 150 Extra"]
[Source "ChessBase"]
[SourceDate "2012.10.19"]
[SourceVersion "1"]
[SourceVersionDate "2012.10.19"]
[SourceQuality "1"]
[WhiteTeam "Russia (W)"]
[BlackTeam "Brazil (W)"]
[WhiteTeamCountry "RUS"]
[BlackTeamCountry "BRA"]

1. e4 c5 2. Nf3 Nc6 3. d4 cxd4 4. Nxd4 e5 5. Nb5 a6 6. Nd6+ Bxd6 7. Qxd6 Qf6 8.
Qd3 Nge7 9. Nc3 d5 10. Nxd5 Nxd5 11. Qxd5 Be6 12. Qd2 Rd8 13. Qe3 Nb4 14. Qc3
Nxa2 15. Rxa2 Bxa2 16. b3 O-O 17. Ba3 Qg5 18. g3 Rc8 19. Qb2 Rfd8 20. Bd3 b5
21. h4 Qh6 22. Ke2 Bxb3 23. Qxb3 a5 24. Qxb5 Qe6 25. Rb1 Qg4+ 26. Kf1 Qf3 27.
Kg1 h6 28. Qxe5 Qg4 29. Rb7 Rd7 30. Rxd7 Qxd7 31. Bb2 f6 32. Qd5+ Qf7 33. Qxa5
1-0

[Event "Olympiad Women-40"]
[Site "Istanbul"]
[Date "2012.08.30"]
[Round "3.3"]
[White "Kosteniuk, Alexandra"]
[Black "Yanjindulan, Dolgorsuren"]
[Result "1-0"]
[WhiteElo "2489"]
[BlackElo "2232"]
[PlyCount "69"]
[EventDate "2012.08.28"]
[EventType "team-swiss"]
[EventRounds "11"]
[EventCountry "TUR"]
[SourceTitle "CBM 150 Extra"]
[Source "ChessBase"]
[SourceDate "2012.10.19"]
[SourceVersion "1"]
[SourceVersionDate "2012.10.19"]
[SourceQuality "1"]
[WhiteTeam "Russia (W)"]
[BlackTeam "Mongolia (W)"]
[WhiteTeamCountry "RUS"]
[BlackTeamCountry "MGL"]

1. e4 e5 2. Nf3 Nc6 3. Bb5 a6 4. Ba4 Nf6 5. O-O Be7 6. Re1 b5 7. Bb3 d6 8. c3
O-O 9. h3 Nb8 10. d4 Nbd7 11. Nbd2 Bb7 12. Bc2 Re8 13. Nf1 Bf8 14. Ng3 g6 15.
a4 Bg7 16. Bd3 c6 17. Be3 Nf8 18. dxe5 dxe5 19. c4 b4 20. c5 N6d7 21. Qb3 Ne6
22. Qxb4 Ndxc5 23. Bc4 a5 24. Qa3 Qe7 25. Red1 h6 26. Rac1 Na6 27. Qc3 Qc7 28.
h4 Kh7 29. h5 Rac8 30. Qb3 c5 31. hxg6+ Kxg6 32. Nf5 Bf8 33. Rd7 Nd4 34. Rxc7
Nxb3 35. N3h4+ 1-0

[Event "Olympiad Women-40"]
[Site "Istanbul"]
[Date "2012.09.01"]
[Round "5.4"]
[White "Bollengier, Andreea"]
[Black "Kosteniuk, Alexandra"]
[Result "0-1"]
[WhiteElo "2253"]
[BlackElo "2489"]
[PlyCount "88"]
[EventDate "2012.08.28"]
[EventType "team-swiss"]
[EventRounds "11"]
[EventCountry "TUR"]
[SourceTitle "CBM 150 Extra"]
[Source "ChessBase"]
[SourceDate "2012.10.19"]
[SourceVersion "1"]
[SourceVersionDate "2012.10.19"]
[SourceQuality "1"]
[WhiteTeam "France (W)"]
[BlackTeam "Russia (W)"]
[WhiteTeamCountry "FRA"]
[BlackTeamCountry "RUS"]

1. c4 e6 2. g3 d5 3. Bg2 dxc4 4. Qa4+ c6 5. Qxc4 b5 6. Qc2 Bb7 7. Nf3 Nd7 8.
O-O Ngf6 9. Nc3 a6 10. a4 Rc8 11. Rd1 Qb6 12. d3 Bc5 13. d4 Be7 14. Bg5 h6 15.
Bxf6 Nxf6 16. Ne5 O-O 17. Qb3 c5 18. Bxb7 Qxb7 19. axb5 cxd4 20. Rxd4 axb5 21.
Qxb5 Qxb5 22. Nxb5 Rc5 23. Nd7 Rxb5 24. Nxf8 Bxf8 25. Ra2 g5 26. h3 Kg7 27. Kf1
h5 28. e3 Kg6 29. Ke2 Nd5 30. Rc4 Rb3 31. Kf1 Bg7 32. e4 Nb6 33. Rc2 Rb4 34. f3
g4 35. hxg4 hxg4 36. Kg2 Nc4 37. Kf2 gxf3 38. Kxf3 Rb3+ 39. Ke2 Nxb2 40. Ra7
Be5 41. Rc8 Rxg3 42. Rf8 Nc4 43. Raxf7 Re3+ 44. Kd1 Bg7 0-1

[Event "Olympiad Women-40"]
[Site "Istanbul"]
[Date "2012.09.03"]
[Round "6.3"]
[White "Ju, Wenjun"]
[Black "Kosteniuk, Alexandra"]
[Result "1/2-1/2"]
[WhiteElo "2528"]
[BlackElo "2489"]
[PlyCount "127"]
[EventDate "2012.08.28"]
[EventType "team-swiss"]
[EventRounds "11"]
[EventCountry "TUR"]
[SourceTitle "CBM 150 Extra"]
[Source "ChessBase"]
[SourceDate "2012.10.19"]
[SourceVersion "1"]
[SourceVersionDate "2012.10.19"]
[SourceQuality "1"]
[WhiteTeam "China (W)"]
[BlackTeam "Russia (W)"]
[WhiteTeamCountry "CHN"]
[BlackTeamCountry "RUS"]

1. d4 Nf6 2. c4 e6 3. g3 d5 4. Nf3 dxc4 5. Bg2 Bb4+ 6. Bd2 a5 7. Qc2 Bxd2+ 8.
Qxd2 c6 9. a4 Ne4 10. Qe3 Nd6 11. Nbd2 O-O 12. O-O b5 13. Qf4 Bb7 14. e4 Na6
15. e5 Nf5 16. g4 Ne7 17. Ne4 Ng6 18. Qg3 Nb4 19. Rfd1 Nd5 20. g5 Kh8 21. h4 h5
22. Nc5 Rb8 23. Nd2 Ndf4 24. Bf1 Qxd4 25. Nxb7 Rxb7 26. Nxc4 Qc5 27. Nxa5 Rb6
28. Rac1 Qxe5 29. Nxc6 Ne2+ 30. Bxe2 Qxe2 31. axb5 Qxb5 32. Qf3 Kg8 33. b4 Qf5
34. Qxf5 exf5 35. Rc4 Re8 36. Rd5 f4 37. b5 Kf8 38. Ra4 Nxh4 39. Rxf4 Ng6 40.
Ra4 Ne7 41. Nxe7 Kxe7 42. Ra7+ Ke6 43. Rc5 g6 44. f4 Kd6 45. Rc2 Rxb5 46. Rd2+
Kc6 47. Rxf7 Re6 48. Kg2 Rb3 49. Ra2 Kd5 50. Rd7+ Kc6 51. Rda7 Ree3 52. R7a6+
Kd5 53. Rxg6 Rg3+ 54. Kh2 h4 55. Rga6 Ke4 56. R6a4+ Kf5 57. Rf2 Rh3+ 58. Kg1
Rb1+ 59. Kg2 Rhh1 60. Kf3 Rb3+ 61. Kg2 Rbb1 62. Kf3 Rb3+ 63. Kg2 Rbb1 64. Kf3
1/2-1/2

[Event "Olympiad Women-40"]
[Site "Istanbul"]
[Date "2012.09.04"]
[Round "7.3"]
[White "Kosteniuk, Alexandra"]
[Black "Zawadzka, Jolanta"]
[Result "0-1"]
[WhiteElo "2489"]
[BlackElo "2377"]
[PlyCount "148"]
[EventDate "2012.08.28"]
[EventType "team-swiss"]
[EventRounds "11"]
[EventCountry "TUR"]
[SourceTitle "CBM 150 Extra"]
[Source "ChessBase"]
[SourceDate "2012.10.19"]
[SourceVersion "1"]
[SourceVersionDate "2012.10.19"]
[SourceQuality "1"]
[WhiteTeam "Russia (W)"]
[BlackTeam "Poland (W)"]
[WhiteTeamCountry "RUS"]
[BlackTeamCountry "POL"]

1. e4 c5 2. Nf3 d6 3. d4 cxd4 4. Nxd4 Nf6 5. Nc3 a6 6. Be2 e5 7. Nb3 Be7 8. O-O
O-O 9. Bf3 Be6 10. a4 Nbd7 11. a5 Rc8 12. Re1 Qc7 13. Nd2 Rfe8 14. Nf1 h6 15.
Ne3 Bf8 16. Bd2 Qc6 17. b4 Nh7 18. h4 g6 19. Ra3 Ndf6 20. Ncd5 Bxd5 21. exd5
Qd7 22. c4 Qe7 23. Qb1 h5 24. Qa2 Nd7 25. g3 Kh8 26. Ng2 Bg7 27. Bd1 Nhf8 28.
Ba4 Red8 29. Rd3 f5 30. Bg5 Bf6 31. f4 Qg7 32. Bxf6 Qxf6 33. Rde3 e4 34. Rd1
Qg7 35. Re2 Qc3 36. c5 Qxb4 37. cxd6 Qxa5 38. Qb2+ Kg8 39. Bxd7 Rxd7 40. Ne3
Qc5 41. Ree1 Qxd6 42. Qe5 Rcd8 43. Kg2 Re7 44. Qb2 Rc8 45. Rc1 Rec7 46. Rxc7
Qxc7 47. Rd1 Qc3 48. Qe2 Nd7 49. d6 Kg7 50. Nd5 Qf3+ 51. Qxf3 exf3+ 52. Kxf3
Rc6 53. Nc7 Kf7 54. Ke3 b5 55. Rd4 Rb6 56. Na8 Rb7 57. Nc7 b4 58. Kd2 a5 59.
Nd5 Nc5 60. Kc2 Ne4 61. Nb6 Ke8 62. Nc4 a4 63. Ne5 Nc5 64. Rc4 Rb5 65. Kb1 b3
66. Rd4 a3 67. d7+ Nxd7 68. Nxd7 a2+ 69. Kb2 Ra5 70. Nf6+ Kf7 71. Rd1 a1=Q+ 72.
Rxa1 Rxa1 73. Kxa1 Kxf6 74. Kb2 Ke6 0-1

[Event "Olympiad Women-40"]
[Site "Istanbul"]
[Date "2012.09.06"]
[Round "9.4"]
[White "Kosteniuk, Alexandra"]
[Black "Soumya, Swaminathan"]
[Result "1-0"]
[WhiteElo "2489"]
[BlackElo "2271"]
[PlyCount "59"]
[EventDate "2012.08.28"]
[EventType "team-swiss"]
[EventRounds "11"]
[EventCountry "TUR"]
[SourceTitle "CBM 150 Extra"]
[Source "ChessBase"]
[SourceDate "2012.10.19"]
[SourceVersion "1"]
[SourceVersionDate "2012.10.19"]
[SourceQuality "1"]
[WhiteTeam "Russia (W)"]
[BlackTeam "India (W)"]
[WhiteTeamCountry "RUS"]
[BlackTeamCountry "IND"]

1. e4 c6 2. d4 d5 3. e5 Bf5 4. Nf3 e6 5. Be2 c5 6. c3 Nc6 7. O-O cxd4 8. Nxd4
Nxd4 9. cxd4 Ne7 10. Nc3 Nc6 11. g4 Bg6 12. f4 Qd7 13. f5 exf5 14. h4 fxg4 15.
Bxg4 Qd8 16. h5 Qh4 17. Kg2 Be4+ 18. Nxe4 dxe4 19. Bf4 Rd8 20. Bg3 Qg5 21. Qb3
Rxd4 22. Qxf7+ Kd8 23. Qe6 Kc7 24. Rad1 Bc5 25. Rf7+ Kb8 26. Rxd4 Bxd4 27. Qd7
Qd2+ 28. Kh3 Qxb2 29. Qc7+ Ka8 30. Bc8 1-0

[Event "Olympiad Women-40"]
[Site "Istanbul"]
[Date "2012.09.07"]
[Round "10.3"]
[White "Galojan, Lilit"]
[Black "Kosteniuk, Alexandra"]
[Result "1/2-1/2"]
[WhiteElo "2349"]
[BlackElo "2489"]
[PlyCount "122"]
[EventDate "2012.08.28"]
[EventType "team-swiss"]
[EventRounds "11"]
[EventCountry "TUR"]
[SourceTitle "CBM 150 Extra"]
[Source "ChessBase"]
[SourceDate "2012.10.19"]
[SourceVersion "1"]
[SourceVersionDate "2012.10.19"]
[SourceQuality "1"]
[WhiteTeam "Armenia (W)"]
[BlackTeam "Russia (W)"]
[WhiteTeamCountry "ARM"]
[BlackTeamCountry "RUS"]

1. c4 e6 2. Nc3 Nf6 3. e4 d5 4. e5 d4 5. exf6 dxc3 6. bxc3 Qxf6 7. Nf3 e5 8.
Bd3 Bd6 9. O-O O-O 10. Be4 Nc6 11. Rb1 Bf5 12. Qc2 Bg6 13. Rxb7 Na5 14. Rb5
Nxc4 15. Bxg6 Qxg6 16. d3 a6 17. Rb1 Rfe8 18. Re1 h6 19. h3 Rad8 20. Re2 Nb6
21. Be3 e4 22. dxe4 Rxe4 23. Rbe1 Nd5 24. Bc1 Rxe2 25. Rxe2 Qf6 26. Bd2 Bc5 27.
c4 Nf4 28. Bxf4 Qxf4 29. Re5 Ba3 30. Ra5 Qd6 31. Rd5 Qe7 32. Rxd8+ Qxd8 33. Qa4
Bc5 34. Qc2 Qd7 35. Nd2 Qe6 36. Ne4 Bd4 37. Qd3 c5 38. Kf1 Qf5 39. Qe2 Qe5 40.
g3 Qe6 41. Kg2 a5 42. g4 Qc6 43. Kg1 a4 44. Ng3 g6 45. h4 Qd6 46. Kg2 Be5 47.
Nf1 Qd4 48. h5 gxh5 49. gxh5 Qf4 50. Ng3 Qg5 51. Kh3 Kf8 52. Qf3 Bxg3 53. fxg3
a3 54. Qg4 Qe5 55. Qc8+ Kg7 56. Qg4+ Kf6 57. Qh4+ Qg5 58. g4 Ke6 59. Qxg5 hxg5
60. Kg3 f5 61. gxf5+ Ke5 1/2-1/2

[Event "Olympiad Women-40"]
[Site "Istanbul"]
[Date "2012.09.09"]
[Round "11.4"]
[White "Davletbayeva, Madina"]
[Black "Kosteniuk, Alexandra"]
[Result "0-1"]
[WhiteElo "2165"]
[BlackElo "2489"]
[PlyCount "138"]
[EventDate "2012.08.28"]
[EventType "team-swiss"]
[EventRounds "11"]
[EventCountry "TUR"]
[SourceTitle "CBM 150 Extra"]
[Source "ChessBase"]
[SourceDate "2012.10.19"]
[SourceVersion "1"]
[SourceVersionDate "2012.10.19"]
[SourceQuality "1"]
[WhiteTeam "Kazakhstan (W)"]
[BlackTeam "Russia (W)"]
[WhiteTeamCountry "KAZ"]
[BlackTeamCountry "RUS"]

1. e4 e5 2. Nf3 Nc6 3. Bb5 a6 4. Ba4 d6 5. c3 f5 6. exf5 Bxf5 7. O-O Bd3 8. Re1
Be7 9. Re3 e4 10. Ne1 Bg5 11. Rh3 Bc4 12. d3 Bxc1 13. Qxc1 exd3 14. Nxd3 Nge7
15. Qf4 Bf7 16. Bb3 Bxb3 17. axb3 Qd7 18. b4 O-O-O 19. c4 Ng6 20. Qd2 Nd4 21.
Qd1 Qe6 22. b5 axb5 23. cxb5 Qe2 24. Qa4 Qc2 25. Nc3 Qxa4 26. Rxa4 Ne6 27. f4
Rdf8 28. Rf3 Nh4 29. Re3 Kd7 30. Nd5 Nf5 31. Ree4 h5 32. g3 Re8 33. Rac4 Rc8
34. Kf2 Rhf8 35. Kg2 Ne7 36. Nxe7 Kxe7 37. Rc2 Kd7 38. Rd2 Rf6 39. Ne5+ Ke7 40.
Nf3 Kf8 41. b4 Nd8 42. Ng5 Rf5 43. b6 d5 44. bxc7 Rxc7 45. Red4 Rd7 46. b5 Ke7
47. h3 Ne6 48. Re2 Rxg5 49. fxg5 Kd6 50. Rd1 Nxg5 51. h4 Ne6 52. Rf2 Kc5 53.
Rc2+ Kb6 54. Rb2 d4 55. Re2 Nc5 56. Re5 g6 57. Kf3 Rd6 58. Rb1 Na4 59. Kf4 d3
60. Rd1 Nb2 61. Rd2 Nc4 62. Rd1 Nxe5 63. Kxe5 Rd8 64. Kf6 Kxb5 65. Kxg6 Rd5 66.
g4 hxg4 67. h5 Kc4 68. h6 Rd6+ 69. Kg5 g3 0-1

[Event "EU-Cup (Women) 17th"]
[Site "Eilat"]
[Date "2012.10.11"]
[Round "1.1"]
[White "Hou, Yifan"]
[Black "Kosteniuk, Alexandra"]
[Result "0-1"]
[WhiteElo "2605"]
[BlackElo "2490"]
[PlyCount "118"]
[EventDate "2012.10.11"]
[EventType "team-tourn"]
[EventRounds "7"]
[EventCountry "ISR"]
[SourceTitle "CBM 150 Extra"]
[Source "ChessBase"]
[SourceDate "2012.10.19"]
[SourceVersion "1"]
[SourceVersionDate "2012.10.19"]
[SourceQuality "1"]
[WhiteTeam "Monte Carlo (W)"]
[BlackTeam "SHSM Nashe Nasledie (W)"]
[WhiteTeamCountry "MNC"]
[BlackTeamCountry "RUS"]

1. e4 c6 2. d3 d5 3. Nd2 e5 4. Ngf3 Bd6 5. d4 exd4 6. exd5 Nf6 7. dxc6 Nxc6 8.
Be2 O-O 9. Nb3 Re8 10. O-O Bg4 11. h3 Bxf3 12. Bxf3 Be5 13. Nc5 Rc8 14. Nd3 Bb8
15. Bg5 h6 16. Bh4 g5 17. Bg3 Bxg3 18. fxg3 Qd6 19. Rf2 Kg7 20. Qd2 Qxg3 21.
Raf1 Re7 22. c3 Ne5 23. cxd4 Nc4 24. Qb4 Rcc7 25. Rc1 Ne3 26. Rxc7 Rxc7 27. Qd2
Nf5 28. Ne5 Nd6 29. Rf1 Qh4 30. Qd3 Qg3 31. Qd2 Nf5 32. Qd3 Nd6 33. Qd2 Nf5 34.
Qd3 Qf4 35. Bxb7 Qxd4+ 36. Qxd4 Nxd4 37. Ba6 Rc2 38. Rf2 Rc1+ 39. Rf1 Rc2 40.
Rf2 Rc1+ 41. Kh2 h5 42. Rd2 Nf5 43. Rf2 Nd6 44. Bd3 h4 45. Rf1 Rc7 46. g3 Re7
47. Nf3 Re3 48. Ba6 hxg3+ 49. Kxg3 Nf5+ 50. Kh2 g4 51. hxg4 Nxg4+ 52. Kh3 Ne5
53. Bb7 Nd6 54. Ba8 f5 55. Kg3 Nd3 56. Kh4 Kf6 57. b3 Re8 58. Rd1 Rxa8 59. Rxd3
Ne4 0-1

[Event "EU-Cup (Women) 17th"]
[Site "Eilat"]
[Date "2012.10.12"]
[Round "2.1"]
[White "Kosteniuk, Alexandra"]
[Black "Bodnaruk, Anastasia"]
[Result "1/2-1/2"]
[WhiteElo "2490"]
[BlackElo "2425"]
[PlyCount "173"]
[EventDate "2012.10.11"]
[EventType "team-tourn"]
[EventRounds "7"]
[EventCountry "ISR"]
[SourceTitle "CBM 150 Extra"]
[Source "ChessBase"]
[SourceDate "2012.10.19"]
[SourceVersion "1"]
[SourceVersionDate "2012.10.19"]
[SourceQuality "1"]
[WhiteTeam "SHSM Nashe Nasledie (W)"]
[BlackTeam "Chigorin Club (W)"]
[WhiteTeamCountry "RUS"]
[BlackTeamCountry "RUS"]

1. e4 c5 2. Nf3 d6 3. d4 cxd4 4. Nxd4 Nf6 5. Nc3 a6 6. Be2 e5 7. Nb3 Be7 8. O-O
O-O 9. Bf3 Be6 10. a4 Nbd7 11. a5 Rc8 12. Re1 Rc4 13. Re3 Qc8 14. h3 Rd8 15.
Rd3 h6 16. Nd2 Rc6 17. Nf1 Nf8 18. Ne3 Ng6 19. Ncd5 Bxd5 20. exd5 Rc7 21. Ra4
Nf4 22. Rd2 Nd7 23. Bg4 g6 24. g3 h5 25. gxf4 hxg4 26. f5 gxh3 27. fxg6 fxg6
28. Qg4 Nf8 29. Qg3 Bf6 30. Rg4 Rh7 31. Kh2 Kh8 32. Nc4 g5 33. Qf3 Rh6 34. Rd3
Qc7 35. Qf5 Qh7 36. Qxh7+ Nxh7 37. Rxh3 Kg7 38. Rxh6 Kxh6 39. Ne3 Kg6 40. b3
Be7 41. Rc4 Rd7 42. Kg2 Nf6 43. Kf3 Bd8 44. Bd2 Bc7 45. Ra4 Bb8 46. Ra1 Ba7 47.
Rg1 Rf7 48. Ke2 Nxd5 49. Rh1 Bxe3 50. Bxe3 Nxe3 51. Kxe3 d5 52. Rh8 Kf5 53. Re8
d4+ 54. Kf3 g4+ 55. Ke2 Rg7 56. Rf8+ Ke4 57. Kd2 Rg5 58. Ke2 g3 59. fxg3 Rxg3
60. Rf7 Rg2+ 61. Kd1 Ke3 62. Kc1 e4 63. Rxb7 Rg1+ 64. Kb2 d3 65. cxd3 exd3 66.
Re7+ Kd2 67. Rd7 Rg2 68. b4 Ke3+ 69. Kc3 Rc2+ 70. Kb3 Rc1 71. Re7+ Kf2 72. Rf7+
Ke2 73. Re7+ Kd1 74. Re6 Rb1+ 75. Kc4 Kc2 76. Rxa6 d2 77. Rd6 Ra1 78. Kc5 Ra3
79. Rxd2+ Kxd2 80. Kb6 Kc3 81. b5 Kb4 82. a6 Ra5 83. a7 Rxb5+ 84. Kc7 Ra5 85.
Kb7 Kc5 86. a8=Q Rxa8 87. Kxa8 1/2-1/2

[Event "EU-Cup (Women) 17th"]
[Site "Eilat"]
[Date "2012.10.14"]
[Round "4.1"]
[White "Kosteniuk, Alexandra"]
[Black "Efroimski, Marsel"]
[Result "1-0"]
[WhiteElo "2490"]
[BlackElo "2162"]
[PlyCount "61"]
[EventDate "2012.10.11"]
[EventType "team-tourn"]
[EventRounds "7"]
[EventCountry "ISR"]
[SourceTitle "CBM 150 Extra"]
[Source "ChessBase"]
[SourceDate "2012.10.19"]
[SourceVersion "1"]
[SourceVersionDate "2012.10.19"]
[SourceQuality "1"]
[WhiteTeam "SHSM Nashe Nasledie (W)"]
[BlackTeam "Rishon Le Zion (W)"]
[WhiteTeamCountry "RUS"]
[BlackTeamCountry "ISR"]

1. e4 c5 2. Nf3 d6 3. d4 cxd4 4. Nxd4 Nf6 5. Nc3 Nc6 6. Bg5 e6 7. Qd2 Be7 8.
O-O-O O-O 9. f3 Nxd4 10. Qxd4 a6 11. h4 b5 12. Qd2 Bb7 13. Ne2 Rc8 14. Kb1 Qc7
15. Nd4 d5 16. e5 Ne8 17. Bd3 Bc5 18. Nb3 Bb6 19. Qe2 Qd7 20. Bd2 f6 21. Bb4
Rf7 22. f4 fxe5 23. fxe5 Rf2 24. Rdf1 Rxf1+ 25. Rxf1 Nc7 26. Qh5 g6 27. Qg5 Qg7
28. h5 gxh5 29. Qxh5 Be3 30. Rf3 d4 31. Rg3 1-0

[Event "EU-Cup (Women) 17th"]
[Site "Eilat"]
[Date "2012.10.15"]
[Round "5.1"]
[White "Danielian, Elina"]
[Black "Kosteniuk, Alexandra"]
[Result "1/2-1/2"]
[WhiteElo "2476"]
[BlackElo "2490"]
[PlyCount "69"]
[EventDate "2012.10.11"]
[EventType "team-tourn"]
[EventRounds "7"]
[EventCountry "ISR"]
[SourceTitle "CBM 150 Extra"]
[Source "ChessBase"]
[SourceDate "2012.10.19"]
[SourceVersion "1"]
[SourceVersionDate "2012.10.19"]
[SourceQuality "1"]
[WhiteTeam "Mika (W)"]
[BlackTeam "SHSM Nashe Nasledie (W)"]
[WhiteTeamCountry "ARM"]
[BlackTeamCountry "RUS"]

1. Nf3 d5 2. c4 e6 3. e3 Nf6 4. b3 c5 5. Bb2 Nc6 6. cxd5 exd5 7. Bb5 Bd6 8. O-O
O-O 9. h3 Bf5 10. d4 Rc8 11. dxc5 Bxc5 12. Nc3 Qd6 13. Na4 Ba3 14. Bxa3 Qxa3
15. Bxc6 bxc6 16. Nd4 Bg6 17. Qc1 Qe7 18. Qc5 Qb7 19. Rfc1 Ne4 20. Qa5 Qe7 21.
Nc5 Nd6 22. Qa6 Nf5 23. Nxf5 Bxf5 24. Qa4 Rfd8 25. Qf4 Bg6 26. Rc3 Rd6 27. Rd1
Rf6 28. Qh4 Bf5 29. Rd4 Qe5 30. Qf4 Qe8 31. Qh4 Rh6 32. Qf4 Rf6 33. Qh4 Rh6 34.
Qf4 Rf6 35. Qh4 1/2-1/2

[Event "EU-Cup (Women) 17th"]
[Site "Eilat"]
[Date "2012.10.16"]
[Round "6.1"]
[White "Kosteniuk, Alexandra"]
[Black "Kovanova, Baira"]
[Result "1-0"]
[WhiteElo "2490"]
[BlackElo "2408"]
[PlyCount "107"]
[EventDate "2012.10.11"]
[EventType "team-tourn"]
[EventRounds "7"]
[EventCountry "ISR"]
[SourceTitle "CBM 150 Extra"]
[Source "ChessBase"]
[SourceDate "2012.10.19"]
[SourceVersion "1"]
[SourceVersionDate "2012.10.19"]
[SourceQuality "1"]
[WhiteTeam "SHSM Nashe Nasledie (W)"]
[BlackTeam "Ugra (W)"]
[WhiteTeamCountry "RUS"]
[BlackTeamCountry "RUS"]

1. e4 e5 2. Nf3 Nc6 3. Bb5 a6 4. Ba4 Nf6 5. O-O Be7 6. Re1 b5 7. Bb3 d6 8. c3
O-O 9. h3 Na5 10. Bc2 c5 11. d4 Nd7 12. a4 exd4 13. axb5 dxc3 14. Nxc3 axb5 15.
Nxb5 Qb6 16. Nc3 Bb7 17. Nd5 Bxd5 18. Qxd5 Nc6 19. Rxa8 Rxa8 20. Bb3 Rf8 21.
Ba4 Nde5 22. Nxe5 Nxe5 23. Rd1 c4 24. Bc2 Rc8 25. g3 h6 26. Kg2 Qa6 27. Bf4 Rc5
28. Qd4 Qb7 29. Ra1 Kh7 30. Be3 Bf6 31. Qd1 Rc8 32. Bd4 Nd3 33. Bxf6 Qxe4+ 34.
Qf3 Qxf3+ 35. Kxf3 gxf6 36. b4 Kg7 37. Bxd3 cxd3 38. Ke3 Rb8 39. Rb1 Rb5 40.
Kxd3 d5 41. Kc3 Kf8 42. Ra1 Rb7 43. Ra5 d4+ 44. Kc4 Rd7 45. Ra3 Ke7 46. Rd3
Rc7+ 47. Kxd4 Rc2 48. Re3+ Kd6 49. Rf3 Ke6 50. b5 Rb2 51. Kc5 f5 52. Kc6 Ke5
53. b6 Ke4 54. Rf4+ 1-0